Liedtext erkennen #4 - Statistiken

Allgemein
  • Dieses Quiz wurde 388 mal gespielt
    387 seit der letzten Aktualisierung
  • Das Durchschnittsergebnis liegt bei 109 aus 274
Antwortstatistiken
Antwort % Korrekt
I
99%
a
95%
you
91%
the
80%
he
79%
we
75%
and
71%
to
65%
do
60%
go
60%
is
60%
Where
59%
where
59%
in
56%
on
54%
will
54%
have
50%
your
48%
that
41%
what
41%
of
39%
not
38%
know
33%
did
32%
how
32%
how....
32%
life
32%
with
32%
all
31%
or
31%
why
31%
as
30%
As
30%
had
29%
Had
29%
say
29%
2005 Jahr
27%
at
26%
just
26%
last
26%
lost
26%
night
26%
some
26%
need
25%
one
25%
up
25%
its
24%
friend
23%
his
22%
let
21%
down
20%
him
20%
right
20%
would
20%
talk
19%
stay
18%
wrong
17%
save
16%
yours
16%
back
15%
best
15%
left
15%
two
15%
cause
14%
goes
14%
came
13%
somewhere
13%
try
13%
after
12%
along
12%
begin
12%
things
12%
without
12%
everything
11%
hell
11%
How to save a life Titel
11%
through
11%
wonder
11%
sit
10%
bitterness
9%
fear
9%
stayed
9%
Step
9%
told
9%
break
8%
drive
8%
God
8%
hes
8%
lose
8%
smiles
8%
The Fray Interpret
8%
walks
8%
between
7%
hears
7%
list
7%
politely
7%
road
7%
same
7%
sort
7%
stare
7%
until
7%
window
7%
youll
7%
pray
6%
blame
5%
lay
5%
lines
5%
past
5%
youve
5%
admit
4%
followed
4%
grant
4%
innocence
4%
lower
4%
raise
4%
slip
4%
voice
4%
begins
3%
choice
3%
defense
3%
granting
3%
ones
3%
politley
1%
Keine übereinstimmenden Quizze gefunden
Verteilung der Resultate
Anzahl Personen mit jedem Resultat
Perzentil nach korrekt beantworteten Fragen
Ihre Resultats-Entwicklung
Sie haben dieses Quiz seit der letzten Aktualisierung nicht gespielt